000
00263nam a2200097Ia 4500
001
880477
005
20250826182622.0
008
250824s9999 xx 000 0 und d
245
0
_a
YARALI:BAZI YARALAR SARDIKÇA KANAR
_c
KAHRAMAN TAZEOĞLU
260
_b
DESTEK YAYINLARI
999
_c
880477
_d
880477